| 000 | 00661nam a2200193 a 4500 | ||
|---|---|---|---|
| 001 | 000018679 | ||
| 005 | 20200929165834.0 | ||
| 008 | 100513s1971 pr r 001 p spa d | ||
| 040 |
_aDO-SdBNP _bspa _cBNPHU |
||
| 082 |
_aPR861.42 _bD559c |
||
| 100 | 1 |
_aDiego, José de, _d1867-1918. _940338 |
|
| 245 | 1 | 0 |
_aCantos de pitirre / _cJosé de Diego ; prólogo Concha Meléndez. |
| 260 |
_aSan Juan, Puerto Rico : _bCordillera, _c1971. |
||
| 300 |
_a114 p. ; _c19 cm. |
||
| 490 | 1 | _aLos grandes escritores de Puerto Rico | |
| 650 | 4 |
_aPoesía puertorriqueña _91015 |
|
| 650 | 4 |
_aLiteratura puertorriqueña _ySIGLO XX _95311 |
|
| 700 | 1 |
_aMeléndez, Concha _epról. _96264 |
|
| 999 |
_c18199 _d18199 |
||